[Event "Arad op 15th"]
[Site "Arad"]
[Date "2022.08.11"]
[Round "6"]
[White "Panc, Samuel"]
[Black "Deac, David"]
[Result "1-0"]
[WhiteElo "1927"]
[BlackElo "1829"]
[PlyCount "71"]
[EventDate "2022.08.08"]
[EventType "swiss"]
[EventRounds "9"]
[EventCountry "ROU"]
[SourceTitle "CBM 209 Extra"]
[Source "ChessBase"]
[SourceDate "2022.09.30"]
[SourceVersion "1"]
[SourceVersionDate "2022.09.30"]
[SourceQuality "1"]

1. e4 c5 2. d3 Nc6 3. g3 g6 4. Bg2 Bg7 5. c3 Nf6 6. f4 d6 7. Nh3 0-0 8. 0-0 e5 9. f5 h6 10. g4 Nh7 11. Be3 b6 12. Qd2 g5 13. Nf2 Bf6 14. Nh1 Be7 15. Ng3 Nf6 16. Bf3 Bb7 17. Qg2 Ne8 18. Na3 a6 19. Bd2 b5 20. Nc2 Nf6 21. Ne3 Nb8 22. Kf2 Nbd7 23. Rh1 Ne8 24. Ke2 a5 25. h3 Rb8 26. Rh2 c4 27. f6 cxd3+ 28. Kf2 Bxf6 29. Ngf5 Kh7 30. h4 gxh4 31. Rah1 Rh8 32. Nxh6 Kxh6 33. Nf5+ Kg6 34. g5 Bg7 35. Rxh4 Rxh4 36. Rxh4 1-0

[Event "EU Universities Rapid"]
[Site "Lodz"]
[Date "2022.07.18"]
[Round "9.18"]
[White "Deac, David"]
[Black "Muradyan, Ararat"]
[Result "1-0"]
[WhiteElo "1829"]
[BlackElo "1615"]
[PlyCount "73"]
[EventDate "2022.07.16"]
[EventType "team-swiss (rapid)"]
[EventRounds "9"]
[EventCountry "POL"]
[SourceTitle "CBM 209 Extra"]
[Source "ChessBase"]
[SourceDate "2022.09.30"]
[SourceVersion "1"]
[SourceVersionDate "2022.09.30"]
[SourceQuality "1"]
[WhiteTeam "Timisoara Vest Univ"]
[BlackTeam "Armenian Economics Univ"]
[WhiteTeamCountry "ROU"]
[BlackTeamCountry "ARM"]

1. e4 g6 2. d4 Bg7 3. Nc3 d6 4. Be3 Nf6 5. f3 Nc6 6. Qd2 h5 7. 0-0-0 a5 8. h4 Nd7 9. Kb1 b6 10. f4 Nf6 11. d5 Nb4 12. a3 Na6 13. Nf3 Nc5 14. Ng5 Bg4 15. Bb5+ Bd7 16. Be2 Ng4 17. Bd4 f6 18. Nf3 e5 19. dxe6 Nxe6 20. Bc4 Nxd4 21. Nxd4 Qe7 22. Nd5 Qd8 23. g3 c6 24. Ne3 Qc7 25. Ne6 Bxe6 26. Bxe6 Nxe3 27. Qxe3 Qe7 28. f5 gxf5 29. exf5 b5 30. Rhe1 Kf8 31. Qb6 Re8 32. Qxc6 Bh6 33. Rxd6 Rd8 34. Red1 Rxd6 35. Rxd6 Qe8 36. Qc7 Bg7 37. Rd8 1-0

[Event "Arad op-B 14th"]
[Site "Arad"]
[Date "2021.08.03"]
[Round "6"]
[White "Homone, Daniel Ifrim"]
[Black "Deac, David"]
[Result "1/2-1/2"]
[WhiteElo "1602"]
[BlackElo "1854"]
[PlyCount "29"]
[EventDate "2021.07.30"]
[EventType "swiss"]
[EventRounds "9"]
[EventCountry "ROU"]
[SourceTitle "EXT 2022"]
[Source "ChessBase"]
[SourceDate "2021.10.06"]
[SourceVersion "1"]
[SourceVersionDate "2021.10.06"]
[SourceQuality "1"]

1. d4 Nf6 2. Bf4 d6 3. e3 g6 4. Nf3 Bg7 5. c4 Bg4 6. Be2 c6 7. Qb3 Qb6 8. Nc3 Nbd7 9. h3 Bxf3 10. Bxf3 e5 11. Bh2 0-0 12. 0-0 Rfe8 13. Rfd1 Qxb3 14. axb3 e4 15. Be2 1/2-1/2

[Event "Arad op-B 14th"]
[Site "Arad"]
[Date "2021.07.31"]
[Round "2"]
[White "Antal, Andrei"]
[Black "Deac, David"]
[Result "0-1"]
[WhiteElo "1620"]
[BlackElo "1854"]
[PlyCount "66"]
[EventDate "2021.07.30"]
[EventType "swiss"]
[EventRounds "9"]
[EventCountry "ROU"]
[SourceTitle "EXT 2022"]
[Source "ChessBase"]
[SourceDate "2021.10.06"]
[SourceVersion "1"]
[SourceVersionDate "2021.10.06"]
[SourceQuality "1"]

1. d4 Nf6 2. Bf4 d6 3. e3 g6 4. Nf3 Bg7 5. c4 0-0 6. Nc3 Nbd7 7. Be2 Re8 8. 0-0 c6 9. h3 a6 10. Qb3 e5 11. Bh2 e4 12. Nd2 Qe7 13. Rac1 Nf8 14. Qa3 Rd8 15. d5 g5 16. Qa5 c5 17. Ncxe4 Nxe4 18. Nxe4 f5 19. Nc3 f4 20. exf4 gxf4 21. Bxf4 Ng6 22. Bg3 Re8 23. Bf3 Bf5 24. Rfe1 Qg5 25. Ne4 Bxe4 26. Qa4 b5 27. cxb5 Bxf3 28. h4 Qg4 29. Rxe8+ Rxe8 30. Rc4 Re1+ 31. Kh2 Rh1+ 32. Kxh1 Qh3+ 33. Kg1 Qxg2# 0-1

[Event "Satu Mare Szabo Memorial"]
[Site "Satu Mare"]
[Date "2019.08.02"]
[Round "1"]
[White "Deac, David"]
[Black "Geiger, Alex Emanuel"]
[Result "1/2-1/2"]
[WhiteElo "1843"]
[BlackElo "2205"]
[PlyCount "50"]
[EventDate "2019.08.02"]
[EventType "swiss"]
[EventRounds "9"]
[EventCountry "ROU"]
[SourceTitle "CBM 191 Extra"]
[Source "ChessBase"]
[SourceDate "2019.09.30"]
[SourceVersion "1"]
[SourceVersionDate "2019.09.30"]
[SourceQuality "1"]

1. g3 c5 2. Bg2 Nc6 3. e4 g6 4. d3 Bg7 5. Ne2 e6 6. c4 Nge7 7. Nbc3 0-0 8. Be3 Nd4 9. 0-0 Nec6 10. Qd2 Re8 11. Rae1 d6 12. f4 Rb8 13. g4 f5 14. gxf5 gxf5 15. Ng3 Rf8 16. exf5 Nxf5 17. Nxf5 exf5 18. Bd5+ Kh8 19. Kh1 Bd7 20. Rg1 Qf6 21. Rg3 Ne7 22. Reg1 Ng6 23. Qg2 Bh6 24. Bd2 Bg7 25. Qh3 Be8 1/2-1/2